000 00824nam0a22002411 4500
001 rc\692051
005 20031121170243.0
035 _a(NLR Aleph) 005928611
090 _a6554064
_c6554064
100 _a20031121d1985 u |0rusy50 ca
101 0 _arus
102 _aRU
105 _aa |||||||||
200 1 _aСербскохорватский эпос
_fОтв. ред. В.М. Гацак
210 _aМ.
_cНаука
_d1985
215 _a356 с.
_cнот. ил.
_d21
300 _aВ надзаг.: АН СССР, Науч. совет по фольклору, Ин-т мировой лит. им. А.М. Горького
700 1 _aКравцов
_bН. И.
_f1906-1980
_gНиколай Иванович
801 0 _aRU
_bNLR
_gpsbo
801 1 _aRU
_bELAR
_2rusmarc
852 _aNLR
_j86-3/1567
942 _cBOOK
980 _aNB